| Registos Bibliográficos associados ao registo de autoridade |
|
Etiqueta de registo: 00686cam 2200205 450 001 1079383 003 http://id.bnportugal.gov.pt/bib/catbnp/1079383 005 20020719144500.0 100 ## $a20020315d2000 m y0pory0103 ba 101 0# $apor$deng 102 ## $aPT 105 ## $aa m 001yy 106 ## $ar 200 1# $aEstudo e desempenho do método de Newton truncado em optimização$bTexto policopiado]$fAna Isabel Pinheiro Nunes Pereira 210 #9 $aBraga$c[s.n.],$d2000 215 ## $a[3], V, 112 f.$cil.$d30 cm 320 ## $aBibliografia, f. 110-112 328 ## $aTese mestr. em Matemática Computacional, Univ. Minho, 2000 675 ## $a519.6(043)$vBN$zpor$31220290 700 #1 $aPereira,$bAna Isabel $31039494 966 ## $lBN$mFGMON$sS.A. 100364 V.$x1
Etiqueta de registo: 00254nam 2200025 450 001 2260059 003 http://id.bnportugal.gov.pt/bib/catbnp/2260059 100 ## $a20260203d2024 k y0pory01030103ba 101 0# $aeng$dpor 102 ## $aPT 105 ## $aa m 000yy 106 ## $ar 200 1# $aAI-enhanced indoor localization system for autonomous mobile robots$fJoão Afonso Braun Neto$gsupervisor Paulo Costa, José Lima, Ana I. Pereira 210 #9 $aPorto$c[s.n.],$d2024 215 ## $aXIX, 168 p.$cil.$d30 cm 328 #1 $aTese dout. Engenharia Electrotécnica e de Computadores, Faculdade de Engenharia, Universidade
do Porto, 2024 675 ## $a681.5(043)$vBN$zpor$3297997 700 #1 $aNeto,$bJoão Afonso Braun$31983270 702 #1 $aCosta,$bPaulo Jorge Campos$4727$3794749 702 #1 $aLima,$bJosé Luís Sousa Magalhães$4727$31209157 702 #1 $aPereira,$bAna Isabel $4727$31039494 801 #0 $aPT$bBN$gRPC 966 ## $lBN$mFGMON$sS.A. 193054 V.$x1 971 ## $cabrito$d20260203 972 ## $e0$z0$d20260305$vlrevez 973 ## $cigoulao$d20260210
|
|
|